| 000 | 01177nam a2200325 c 4500 | ||
|---|---|---|---|
| 001 | 3220 | ||
| 003 | ES-MaCES | ||
| 005 | 20200226040005.0 | ||
| 008 | 950731s1995 sp ||| | spa d | ||
| 035 | _aCES19980032432m | ||
| 040 |
_aES-MaCES _bspa _cES-MaCES |
||
| 110 | 2 |
_aComisiones Obreras _bGabinete de Estudios Jurídicos _bJornadas _n1ª _d1995 _cMadrid _92132 |
|
| 245 | 1 | 0 |
_a1ª Jornadas Servicios Jurídicos de CC.OO. _b: 'nuestro mejor servicio' _c[organiza, Secretaría Confederal de Servicios, Confederación Sindical de CC.OO] |
| 260 |
_a[Madrid] _bCC.OO. _c[1995?] |
||
| 300 |
_a35 p. _c30 cm |
||
| 500 | _aTit. tomado de la cub. | ||
| 541 | _cGratuito | ||
| 610 | 2 | 7 |
_aComisiones Obreras _2 _92105 |
| 650 | 4 |
_aasesoramiento jurídico _929004 |
|
| 650 | 4 |
_aactitud sindical _929839 |
|
| 650 | 4 |
_aclase trabajadora _927300 |
|
| 650 | 4 |
_areclamación _928266 |
|
| 650 | 4 |
_apub sindical _929546 |
|
| 653 | 1 | 0 | _aRelaciones laborales-Empleo |
| 650 | 4 |
_928377 _asindicato |
|
| 710 | 2 |
_aComisiones Obreras _bSecretaría Confederal de Servicios _eed. _92145 |
|
| 902 | _aDOC Literatura gris | ||
| 942 |
_2CES _cBK _h2.0. |
||
| 999 |
_c3220 _d3220 |
||